000 01036nam a2200289 a 4500
001 BRCA_3464
005 20190320204309.0
041 _aeng
044 _aenk
084 _a753
_b.D87
_c1694
100 1 _aDurfey, Thomas
_99042
245 1 0 _aThe Comical History of Don Quixote
_cWritten by Thomas Durfey.
260 _aLondres
_bSamuel Briscoe
_c1694
300 _a1 v. en 2 partes
_c23 cm.
500 _aEdición : As it was Acted at the Queen´s Theatre in Dorset-Garden, by Their Majesties Servants
500 _aAdaptación teatral de la novela. Rústica Lúdovik Osterc
500 _aEstado físico : Encuadernación maltratada
500 _aQMB96
546 _aTexto en : inglés
650 1 4 _aNovela española
_yÉpoca clásica, 1500-1700
_9215
650 1 4 _aLiteratura española
_yÉpoca clásica, 1500-1700
_9216
650 1 4 _aNovela española
_ySiglo XVII
_9217
650 1 4 _aDon Quijote (Personaje ficticio)
_eNovela
_9218
740 0 _aEl Ingenioso Hidalgo Don Quijote de la Mancha
902 _aQFM
942 _2lcc
_cB
999 _c3200
_d3200